[Event "18th Prague Open-A 2019"]
[Site "Prague"]
[Date "2019.01.16"]
[Round "7"]
[White "Low, Zhen Yu Cyrus"]
[Black "Gomes, Mary Ann"]
[Result "0-1"]
[WhiteElo "2385"]
[BlackElo "2296"]
[Annotator "NA"]
[PlyCount "114"]
[EventDate "2019.01.11"]
[EventType "swiss"]
[EventCountry "CZE"]
[SourceTitle "playchess.com"]
[Source "ChessBase"]
[SourceQuality "1"]
[TimeControl "40/5400+30:1800+30"]

1. e4 {[%emt 0:00:00]} c5 {[%emt 0:00:00]} 2. Nf3 {[%emt 0:00:00]} d6 {[%emt 0:00:00]} 3. d4 {[%emt 0:00:00]} cxd4 {[%emt 0:00:05]} 4. Nxd4 {[%emt 0:00:00]} Nf6 {[%emt 0:00:06]} 5. Nc3 {[%emt 0:00:00]} a6 {[%emt 0:00:05]} 6. g3 {[%emt 0:00:04]} e5 {[%emt 0:00:06]} 7. Nde2 {[%emt 0:00:05]} Be7 {[%emt 0:00:14]} 8. Bg2 {[%emt 0:00:16]} Be6 {[%emt 0:00:12]} 9. a4 {[%emt 0:01:44]} Nc6 {[%emt 0:00:06]} 10. Nd5 {[%emt 0:00:55]} Rc8 {[%emt 0:02:33]} 11. O-O {[%emt 0:06:06]} O-O {[%emt 0:01:15]} 12. b3 {[%emt 0:06:00]} Bxd5 {[%emt 0:08:59]} 13. exd5 {[%emt 0:00:17]} Nb8 {[%emt 0:00:06]} 14. a5 {[%emt 0:09:43]} Nfd7 {[%emt 0:01:57]} 15. c4 {[%emt 0:08:24]} f5 {[%emt 0:07:01]} 16. f4 {[%emt 0:07:19]} Bf6 {[%emt 0:00:35]} 17. fxe5 {[%emt 0:00:29]} Bxe5 {[%emt 0:00:22]} 18. Ra2 {[%emt 0:00:27]} b5 {[%emt 0:02:03]} 19. cxb5 {[%emt 0:08:41]} axb5 {[%emt 0:00:18]} 20. Qd3 {[%emt 0:00:35]} Nc5 {[%emt 0:06:10]} 21. Qxb5 {[%emt 0:00:34]} Nba6 {[%emt 0:00:18]} 22. Qc4 {[%emt 0:02:04]} Rb8 {[%emt 0:00:44]} 23. Ra3 {[%emt 0:05:45]} Rb4 {[%emt 0:07:03]} 24. Qc2 {[%emt 0:00:08]} Qb8 {[%emt 0:00:20]} 25. Rf3 {[%emt 0:06:31]} Ne4 {[%emt 0:02:37]} 26. Be3 {[%emt 0:03:35]} g6 {[%emt 0:02:19]} 27. Bf1 {[%emt 0:11:55]} Rc8 {[%emt 0:01:08]} 28. Qd1 {[%emt 0:02:56]} Bb2 {[%emt 0:01:46]} 29. Ra2 {[%emt 0:00:01]} Rxb3 {[%emt 0:01:07]} 30. Nd4 {[%emt 0:00:55]} Rxe3 {[%emt 0:04:04]} 31. Rxe3 {[%emt 0:05:18]} Rc1 {[%emt 0:03:49]} 32. Qd3 {[%emt 0:01:44]} Bxd4 {[%emt 0:01:44]} 33. Qxd4 {[%emt 0:00:03]} Rxf1+ {[%emt 0:06:49]} 34. Kxf1 {[%emt 0:02:17]} Qb1+ {[%emt 0:00:06]} 35. Re1 {[%emt 0:00:05]} Qxa2 {[%emt 0:00:11]} 36. Qb6 {[%emt 0:03:34]} Nd2+ {[%emt 0:11:31]} 37. Kg1 {[%emt 0:00:08]} Nf3+ {[%emt 0:00:05]} 38. Kf1 {[%emt 0:00:08]} Nxh2+ {[%emt 0:00:08]} 39. Kg1 {[%emt 0:00:01]} Nf3+ {[%emt 0:00:16]} 40. Kf1 {[%emt 0:00:01]} Qc4+ {[%emt 0:01:00]} 41. Re2 {[%emt 0:30:39]} Nc5 {[%emt 0:39:47]} 42. Kf2 {[%emt 0:10:22]} Ne5 {[%emt 0:07:11]} 43. a6 {[%emt 0:00:00]} Ng4+ {[%emt 0:00:00]} 44. Kf1 {[%emt 0:00:00]} Ne3+ {[%emt 0:00:00]} 45. Kf2 {[%emt 0:00:00]} Ne4+ {[%emt 0:00:00]} 46. Kf3 {[%emt 0:00:00]} Nxd5 {[%emt 0:00:00]} 47. Qb8+ {[%emt 0:00:00]} Kf7 {[%emt 0:00:00]} 48. Qb7+ {[%emt 0:00:00]} Nc7 {[%emt 0:00:00]} 49. Rb2 {[%emt 0:00:00]} Qf1+ {[%emt 0:02:42]} 50. Ke3 {[%emt 0:00:00]} Qg1+ {[%emt 0:00:54]} 51. Ke2 {[%emt 0:00:00]} Qf2+ {[%emt 0:00:20]} 52. Kd1 {[%emt 0:00:00]} Qf1+ {[%emt 0:00:09]} 53. Kc2 {[%emt 0:00:00]} Qe2+ {[%emt 0:00:10]} 54. Kc1 {[%emt 0:00:00]} Qe1+ {[%emt 0:00:07]} 55. Kc2 {[%emt 0:00:00]} Qd2+ {[%emt 0:00:15]} 56. Kb3 {[%emt 0:00:00]} Nc5+ {[%emt 0:00:12]} 57. Ka2 {[%emt 0:00:00]} Qa5+ {[%emt 0:00:09]} 0-1

[Event "18th Prague Open-A 2019"]
[Site "Prague"]
[Date "2019.01.16"]
[Round "7"]
[White "Gschnitzer, Oswald"]
[Black "Mis, Mieszko"]
[Result "1/2-1/2"]
[WhiteElo "2370"]
[BlackElo "2242"]
[Annotator "NA"]
[PlyCount "76"]
[EventDate "2019.01.11"]
[EventType "swiss"]
[EventCountry "CZE"]
[SourceTitle "playchess.com"]
[Source "ChessBase"]
[SourceQuality "1"]
[TimeControl "40/5400+30:1800+30"]

1. Nf3 {[%emt 0:00:00]} g6 {[%emt 0:00:00]} 2. c4 {[%emt 0:00:33]} Bg7 {[%emt 0:00:01]} 3. e4 {[%emt 0:00:37]} e5 {[%emt 0:00:25]} 4. d4 {[%emt 0:00:33]} exd4 {[%emt 0:00:08]} 5. Nxd4 {[%emt 0:00:04]} Nf6 {[%emt 0:00:16]} 6. Nc3 {[%emt 0:03:36]} O-O {[%emt 0:00:46]} 7. Be3 {[%emt 0:15:02]} c6 {[%emt 0:00:19]} 8. Be2 {[%emt 0:05:07]} Re8 {[%emt 0:06:10]} 9. Bf3 {[%emt 0:13:36]} d6 {[%emt 0:07:26]} 10. Nb3 {[%emt 0:05:56]} a5 {[%emt 0:07:55]} 11. Rc1 {[%emt 0:12:04]} Na6 {[%emt 0:15:34]} 12. O-O {[%emt 0:01:08]} a4 {[%emt 0:01:56]} 13. Nxa4 {[%emt 0:03:35]} Nxe4 {[%emt 0:03:30]} 14. Nb6 {[%emt 0:00:29]} Rb8 {[%emt 0:01:01]} 15. Nxc8 {[%emt 0:01:29]} Rxc8 {[%emt 0:01:54]} 16. Bd4 {[%emt 0:08:04]} Nac5 {[%emt 0:11:56]} 17. Re1 {[%emt 0:04:35]} Bxd4 {[%emt 0:07:48]} 18. Nxd4 {[%emt 0:03:26]} Qb6 {[%emt 0:01:16]} 19. Rc2 {[%emt 0:02:12]} Nf6 {[%emt 0:03:02]} 20. Rce2 {[%emt 0:01:01]} Rxe2 {[%emt 0:00:41]} 21. Rxe2 {[%emt 0:00:09]} Re8 {[%emt 0:05:15]} 22. Rxe8+ {[%emt 0:00:21]} Nxe8 {[%emt 0:00:13]} 23. Qd2 {[%emt 0:04:13]} Nf6 {[%emt 0:00:50]} 24. h4 {[%emt 0:02:42]} Nce4 {[%emt 0:03:50]} 25. Qe3 {[%emt 0:00:30]} d5 {[%emt 0:00:44]} 26. cxd5 {[%emt 0:00:08]} cxd5 {[%emt 0:00:07]} 27. b3 {[%emt 0:00:38]} Qc5 {[%emt 0:02:10]} 28. a4 {[%emt 0:01:07]} h5 {[%emt 0:00:43]} 29. g3 {[%emt 0:01:08]} Qa3 {[%emt 0:01:44]} 30. Kg2 {[%emt 0:01:32]} Qb2 {[%emt 0:00:27]} 31. Be2 {[%emt 0:02:24]} Ng4 {[%emt 0:02:45]} 32. Bxg4 {[%emt 0:00:34]} hxg4 {[%emt 0:00:02]} 33. Ne2 {[%emt 0:05:04]} Nd2 {[%emt 0:05:51]} 34. Nd4 {[%emt 0:00:39]} Qc1 {[%emt 0:01:11]} 35. h5 {[%emt 0:01:47]} Qf1+ {[%emt 0:05:39]} 36. Kh2 {[%emt 0:00:01]} Qh3+ {[%emt 0:00:43]} 37. Kg1 {[%emt 0:00:02]} Qf1+ {[%emt 0:00:26]} 38. Kh2 {[%emt 0:00:01]} Qh3+ {[%emt 0:00:27]} 1/2-1/2

[Event "18th Prague Open-A 2019"]
[Site "Prague"]
[Date "2019.01.16"]
[Round "7"]
[White "Lin, Yi"]
[Black "Kozak, Antoni"]
[Result "0-1"]
[WhiteElo "2359"]
[BlackElo "2236"]
[Annotator "NA"]
[PlyCount "72"]
[EventDate "2019.01.11"]
[EventType "swiss"]
[EventCountry "CZE"]
[SourceTitle "playchess.com"]
[Source "ChessBase"]
[SourceQuality "1"]
[TimeControl "40/5400+30:1800+30"]

1. d4 {[%emt 0:00:00]} Nf6 {[%emt 0:00:00]} 2. c4 {[%emt 0:00:00]} e6 {[%emt 0:00:00]} 3. g3 {[%emt 0:00:00]} c5 {[%emt 0:00:00]} 4. d5 {[%emt 0:00:43]} exd5 {[%emt 0:00:00]} 5. cxd5 {[%emt 0:00:06]} d6 {[%emt 0:00:00]} 6. Nc3 {[%emt 0:00:07]} g6 {[%emt 0:00:04]} 7. Bg2 {[%emt 0:00:04]} Bg7 {[%emt 0:00:06]} 8. Nf3 {[%emt 0:00:08]} O-O {[%emt 0:00:10]} 9. O-O {[%emt 0:00:06]} a6 {[%emt 0:00:02]} 10. a4 {[%emt 0:00:06]} Re8 {[%emt 0:00:04]} 11. Re1 {[%emt 0:04:29]} Nbd7 {[%emt 0:07:38]} 12. Bf4 {[%emt 0:08:44]} Qc7 {[%emt 0:06:58]} 13. Rc1 {[%emt 0:06:44]} Qb8 {[%emt 0:00:38]} 14. Qb3 {[%emt 0:03:22]} Ng4 {[%emt 0:10:16]} 15. a5 {[%emt 0:11:26]} b5 {[%emt 0:11:24]} 16. axb6 {[%emt 0:00:08]} Nxb6 {[%emt 0:00:21]} 17. h3 {[%emt 0:06:20]} Nf6 {[%emt 0:01:08]} 18. e4 {[%emt 0:03:42]} Nfd7 {[%emt 0:00:24]} 19. Rc2 {[%emt 0:16:56]} h6 {[%emt 0:08:20]} 20. Nd1 {[%emt 0:06:45]} a5 {[%emt 0:02:46]} 21. Bd2 {[%emt 0:09:27]} a4 {[%emt 0:02:03]} 22. Qa2 {[%emt 0:05:52]} Ba6 {[%emt 0:00:37]} 23. Bc3 {[%emt 0:00:41]} Nf6 {[%emt 0:04:24]} 24. Bxf6 {[%emt 0:09:07]} Bxf6 {[%emt 0:00:08]} 25. Bf1 {[%emt 0:00:32]} Bxf1 {[%emt 0:04:50]} 26. Kxf1 {[%emt 0:00:03]} Nd7 {[%emt 0:02:17]} 27. Re3 {[%emt 0:03:29]} Bd4 {[%emt 0:15:10]} 28. Nxd4 {[%emt 0:00:10]} cxd4 {[%emt 0:00:01]} 29. Re1 {[%emt 0:00:13]} Ne5 {[%emt 0:02:20]} 30. Kg2 {[%emt 0:00:18]} Nd3 {[%emt 0:00:17]} 31. Rf1 {[%emt 0:02:43]} Nb4 {[%emt 0:00:12]} 32. Qc4 {[%emt 0:00:03]} Nxc2 {[%emt 0:00:16]} 33. Qxc2 {[%emt 0:00:03]} Qb3 {[%emt 0:00:33]} 34. Qd2 {[%emt 0:01:03]} Rxe4 {[%emt 0:00:26]} 35. f3 {[%emt 0:01:39]} Re5 {[%emt 0:03:58]} 36. Nf2 {[%emt 0:00:18]} Rc8 {[%emt 0:00:20]} 0-1

[Event "18th Prague Open-A 2019"]
[Site "Prague"]
[Date "2019.01.16"]
[Round "7"]
[White "Vojta, Tomas"]
[Black "Wang, Yiye"]
[Result "1/2-1/2"]
[WhiteElo "2351"]
[BlackElo "2443"]
[Annotator "TA"]
[PlyCount "90"]
[EventDate "2019.01.11"]
[EventType "swiss"]
[EventCountry "CZE"]
[SourceTitle "playchess.com"]
[Source "ChessBase"]
[SourceQuality "1"]

{[%evp 17,90,33,28,24,26,29,34,27,39,20,17,23,34,27,60,43,47,52,40,55,45,47,80,40,57,50,37,36,25,41,37,37,35,14,19,10,34,24,31,22,27,25,25,25,25,25,26,15,15,13,29,18,30,29,29,0,0,0,13,8,8,8,8,0,8,0,0,0,2,0,0,0,0,0,0]} 1. d4 Nf6 2. c3 g6 3. Nf3 Bg7 4. Bg5 O-O 5. Nbd2 d6 6. e4 Nc6 7. Bb5 Bd7 8. O-O {A48: 1 d4 Nf6 2 Nf3 g6: Torre, London and Colle Systems} h6 (8... a6 9. Ba4 h6 10. Bh4 g5 11. Bg3 Nh5 12. Re1 Nxg3 13. hxg3 e6 14. Nf1 Ne7 15. Bb3 c5 16. dxc5 dxc5 {½-½ (48) Kamsky,G (2702)-Shabalov,A (2587) Philadelphia 2010}) 9. Bh4 a6 {LiveBook: 6 Games} 10. Be2 {White has an edge.} e5 11. dxe5 dxe5 12. Qc2 Qc8 13. Rfe1 Nh5 14. a4 Nf4 15. Bf1 f5 $146 ({Predecessor:} 15... Kh7 16. Nc4 {0-1 (49) Stranjakovitch,J (2255)-Nguyen,A (2340) Budapest 1994}) 16. exf5 gxf5 17. Bg3 Ng6 $1 18. Nh4 Nxh4 19. Bxh4 Be6 20. f3 Qe8 21. Nb3 b6 22. Nd2 Qh5 23. Bg3 Qf7 24. b4 Rfd8 25. b5 axb5 26. Bxb5 Bd5 27. Bxc6 Bxc6 28. Bxe5 Re8 29. Bxg7 Kxg7 30. Rxe8 Qxe8 31. Nf1 Qe5 32. Ng3 Kg6 33. Qd2 Rxa4 34. Re1 Qc5+ 35. Kh1 {Qd8 is the strong threat.} Qd6 36. Qc2 Ra5 $1 {The position is equal.} 37. Ne2 (37. Qb3 {keeps more tension.} Bd5 38. Qb1 Qf4 39. Qd3 Bf7 40. Ne2) 37... Kg7 38. Nd4 $40 {[%mdl 128] White attacks.} Bd7 39. Qe2 Rd5 40. h3 b5 41. Qb2 Kf7 42. Qb3 Kf8 43. Qa2 c5 44. Qa8+ Kf7 45. Qh8 {With the idea Qh7+.} cxd4 {Accuracy: White = 71%, Black = 60%.} 1/2-1/2

[Event "18th Prague Open-A 2019"]
[Site "Prague"]
[Date "2019.01.16"]
[Round "7"]
[White "Szpar, Milosz"]
[Black "Sindler, Michal"]
[Result "1/2-1/2"]
[WhiteElo "2339"]
[BlackElo "2221"]
[Annotator "NA"]
[PlyCount "55"]
[EventDate "2019.01.11"]
[EventType "swiss"]
[EventCountry "CZE"]
[SourceTitle "playchess.com"]
[Source "ChessBase"]
[SourceQuality "1"]
[TimeControl "40/5400+30:1800+30"]

1. e4 {[%emt 0:00:00]} c5 {[%emt 0:00:00]} 2. Nf3 {[%emt 0:00:00]} d6 {[%emt 0:00:00]} 3. d4 {[%emt 0:00:00]} cxd4 {[%emt 0:00:00]} 4. Nxd4 {[%emt 0:00:00]} Nf6 {[%emt 0:00:02]} 5. Nc3 {[%emt 0:00:04]} a6 {[%emt 0:03:19]} 6. Bg5 {[%emt 0:00:31]} e6 {[%emt 0:01:49]} 7. f4 {[%emt 0:00:47]} h6 {[%emt 0:02:43]} 8. Bh4 {[%emt 0:00:13]} Be7 {[%emt 0:10:24]} 9. Qf3 {[%emt 0:02:03]} Nbd7 {[%emt 0:01:13]} 10. O-O-O {[%emt 0:02:15]} Qc7 {[%emt 0:03:13]} 11. f5 {[%emt 0:18:49]} Ne5 {[%emt 0:08:31]} 12. Qh3 {[%emt 0:01:52]} Nc6 {[%emt 0:07:32]} 13. g4 {[%emt 0:06:55]} Nxd4 {[%emt 0:08:19]} 14. Rxd4 {[%emt 0:00:13]} Bd7 {[%emt 0:03:51]} 15. Be2 {[%emt 0:05:26]} b5 {[%emt 0:07:17]} 16. Rhd1 {[%emt 0:02:36]} e5 {[%emt 0:17:22]} 17. Bxf6 {[%emt 0:02:11]} Bxf6 {[%emt 0:01:06]} 18. Rxd6 {[%emt 0:01:50]} Bc6 {[%emt 0:00:57]} 19. R6d3 {[%emt 0:03:18]} Rc8 {[%emt 0:02:17]} 20. a3 {[%emt 0:12:15]} a5 {[%emt 0:00:57]} 21. Na2 {[%emt 0:01:52]} O-O {[%emt 0:01:37]} 22. Rc3 {[%emt 0:04:33]} Qb7 {[%emt 0:00:33]} 23. Bd3 {[%emt 0:02:31]} b4 {[%emt 0:02:40]} 24. axb4 {[%emt 0:01:52]} axb4 {[%emt 0:00:19]} 25. Rb3 {[%emt 0:00:40]} Be7 {[%emt 0:03:51]} 26. f6 {[%emt 0:03:10]} Bxf6 {[%emt 0:00:36]} 27. Nxb4 {[%emt 0:00:15]} Bxe4 {[%emt 0:00:58]} 28. Re1 {[%emt 0:11:04]} 1/2-1/2

[Event "18th Prague Open-A 2019"]
[Site "Prague"]
[Date "2019.01.16"]
[Round "7"]
[White "Cerveny, Petr"]
[Black "Xiang, Zeyu"]
[Result "0-1"]
[WhiteElo "2318"]
[BlackElo "2440"]
[Annotator "TA"]
[PlyCount "104"]
[EventDate "2019.01.11"]
[EventType "swiss"]
[EventCountry "CZE"]
[SourceTitle "playchess.com"]
[Source "ChessBase"]
[SourceQuality "1"]

{[%evp 33,104,19,10,8,7,2,29,0,0,0,0,0,0,0,44,34,34,40,42,34,74,75,99,108,107,104,101,106,193,189,252,245,233,-64,-64,-64,-66,-83,-85,-183,-176,-204,-204,-204,-204,-204,-204,-204,-188,-204,-204,-204,-182,-232,-232,-232,-232,-225,-225,-224,-176,-239,-225,-368,-359,-772,-733,-839,-839,-672,-657,-839,-815]} 1. e4 e5 2. Nf3 Nc6 3. Bc4 Bc5 4. O-O Nf6 5. d3 d6 6. c3 O-O 7. h3 h6 8. Re1 a6 9. Bb3 Ba7 10. Nbd2 {[%cal Bb1d2,Bd2f1,Bf1e3,Be3g4][%mdl 32]} Nh5 11. Nf1 Qf6 12. Ne3 Nf4 13. Ng4 {C54: Giuoco Piano: 4 c3 Nf6, main lines with 5 d4 and 5 d3} Qg6 (13... Bxg4 14. hxg4 Ne7 15. d4 Neg6 16. g3 Ne6 17. Be3 exd4 18. cxd4 c5 19. e5 dxe5 20. dxe5 Nxe5 21. Nxe5 Qxe5 22. Bxe6 fxe6 {½-½ (29) Anton Guijarro,D (2666)-Kovalev,V (2639) Riadh 2017}) 14. Bxf4 exf4 15. d4 Bxg4 16. hxg4 Qxg4 17. Qd3 Ne7 {LiveBook: 3 Games} 18. Bc2 {And now e5 would win.} g6 19. b4 $146 ({Predecessor:} 19. e5 d5 20. Nh2 Qh5 {1-0 (96) Glatthaar,M (2389)-Mercader Martinez,J (2377) ICCF email 2016}) 19... Kg7 20. Re2 c6 21. a4 Rfe8 22. Rae1 Rad8 23. c4 Qd7 24. Qc3 d5 25. exd5 cxd5 26. c5 Bb8 27. b5 axb5 28. axb5 Kf8 29. Ba4 b6 30. Ne5 Bxe5 (30... Qc8 $16 31. Bb3 Kg7) 31. Rxe5 $18 Nc8 (31... Kg7 $142 32. Bb3 (32. cxb6 Rc8 $16) 32... Rc8) 32. cxb6 ({But not} 32. c6 $6 Qc7 $18) 32... Rxe5 33. Rxe5 $2 (33. dxe5 $18 {Threatens to win with e6!} d4 34. Qc7) 33... Nxb6 $15 34. Qc5+ Qd6 35. Bb3 Kg7 36. Re7 (36. Qxd6 $17 {was called for.} Rxd6 37. Re7) 36... Qf6 $1 $19 37. Qc7 Rc8 38. Qe5 Rc1+ 39. Kh2 Rb1 40. Rb7 Qxe5 41. dxe5 {Black must now prevent e6.} Rxb3 42. Rxb6 {[%mdl 4096] Endgame KR-KR} d4 {[%cal Bd5d4,Bd4d3][%mdl 32]} 43. Rb7 {[#] intending e6.} Kf8 $1 44. Rd7 {[#]} d3 $1 (44... Rxb5 45. Rxd4 g5 46. Rd6) 45. b6 Ke8 ({Don't take} 45... Rxb6 46. Rxd3 Ke7 47. g4 $17) 46. Rd4 Ke7 47. g3 (47. Rxf4 $142 Ke6 48. Rd4) 47... fxg3+ ({Don't do} 47... Rxb6 48. gxf4 Rb3 49. Rd6 $17) 48. Kxg3 (48. fxg3 $142 Ke6 49. b7) 48... Ke6 49. f4 $2 (49. Kf4 Rxb6 50. Rxd3) 49... Kf5 {Black is clearly winning.} 50. Rd7 d2+ 51. Kf2 Kxf4 52. Ke2 Rxb6 {Accuracy: White = 47%, Black = 73%.} 0-1

[Event "18th Prague Open-A 2019"]
[Site "Prague"]
[Date "2019.01.16"]
[Round "7"]
[White "Mishuchkov, Nikolai M."]
[Black "Chernyak, Viktoria"]
[Result "1-0"]
[WhiteElo "2308"]
[BlackElo "2186"]
[Annotator "NA"]
[PlyCount "41"]
[EventDate "2019.01.11"]
[EventType "swiss"]
[EventCountry "CZE"]
[SourceTitle "playchess.com"]
[Source "ChessBase"]
[SourceQuality "1"]
[TimeControl "40/5400+30:1800+30"]

1. d4 {[%emt 0:00:00]} d5 {[%emt 0:00:00]} 2. Nf3 {[%emt 0:00:00]} Nf6 {[%emt 0:00:00]} 3. c4 {[%emt 0:00:00]} e6 {[%emt 0:00:07]} 4. e3 {[%emt 0:00:00]} Be7 {[%emt 0:00:46]} 5. Bd3 {[%emt 0:00:08]} O-O {[%emt 0:00:54]} 6. b3 {[%emt 0:00:11]} dxc4 {[%emt 0:02:30]} 7. bxc4 {[%emt 0:01:28]} c5 {[%emt 0:00:03]} 8. O-O {[%emt 0:00:12]} Nc6 {[%emt 0:01:58]} 9. Bb2 {[%emt 0:03:14]} b6 {[%emt 0:02:25]} 10. Nc3 {[%emt 0:13:20]} cxd4 {[%emt 0:03:28]} 11. exd4 {[%emt 0:00:22]} Bb7 {[%emt 0:04:19]} 12. a3 {[%emt 0:05:01]} Rc8 {[%emt 0:04:00]} 13. Qe2 {[%emt 0:02:19]} Na5 {[%emt 0:16:50]} 14. Ne5 {[%emt 0:37:19]} Qc7 {[%emt 0:10:30]} 15. Nb5 {[%emt 0:02:32]} Qb8 {[%emt 0:00:22]} 16. d5 {[%emt 0:05:19]} exd5 {[%emt 0:07:45]} 17. cxd5 {[%emt 0:04:00]} Rfe8 {[%emt 0:06:38]} 18. Rad1 {[%emt 0:01:13]} Rcd8 {[%emt 0:06:44]} 19. Ng4 {[%emt 0:09:17]} Nxg4 {[%emt 0:02:19]} 20. Qxg4 {[%emt 0:00:07]} Bf8 {[%emt 0:00:28]} 21. Qf5 {[%emt 0:01:04]} 1-0

[Event "18th Prague Open-A 2019"]
[Site "Prague"]
[Date "2019.01.16"]
[Round "7"]
[White "Kulkarni Bhakti"]
[Black "Hesse, Henrik"]
[Result "1-0"]
[WhiteElo "2303"]
[BlackElo "2166"]
[Annotator "NA"]
[PlyCount "115"]
[EventDate "2019.01.11"]
[EventType "swiss"]
[EventCountry "CZE"]
[SourceTitle "playchess.com"]
[Source "ChessBase"]
[SourceQuality "1"]
[TimeControl "40/5400+30:1800+30"]

1. e4 {[%emt 0:00:15]} e5 {[%emt 0:03:36]} 2. d4 {[%emt 0:00:09]} exd4 {[%emt 0:01:28]} 3. Nf3 {[%emt 0:00:09]} Nc6 {[%emt 0:05:13]} 4. Nxd4 {[%emt 0:00:12]} Nf6 {[%emt 0:03:11]} 5. Nxc6 {[%emt 0:01:49]} bxc6 {[%emt 0:02:55]} 6. e5 {[%emt 0:00:07]} Qe7 {[%emt 0:02:18]} 7. Qe2 {[%emt 0:00:07]} Nd5 {[%emt 0:00:15]} 8. c4 {[%emt 0:00:10]} Nb6 {[%emt 0:00:19]} 9. g3 {[%emt 0:01:37]} Ba6 {[%emt 0:02:14]} 10. b3 {[%emt 0:00:35]} g6 {[%emt 0:02:54]} 11. Bg2 {[%emt 0:00:43]} Bg7 {[%emt 0:00:30]} 12. Bb2 {[%emt 0:01:15]} O-O {[%emt 0:03:12]} 13. O-O {[%emt 0:02:06]} f6 {[%emt 0:12:00]} 14. Ba3 {[%emt 0:05:05]} d6 {[%emt 0:22:31]} 15. Bxc6 {[%emt 0:01:31]} Rab8 {[%emt 0:00:40]} 16. Nc3 {[%emt 0:04:42]} fxe5 {[%emt 0:04:38]} 17. Qe3 {[%emt 0:02:08]} Kh8 {[%emt 0:06:47]} 18. Rfd1 {[%emt 0:06:56]} e4 {[%emt 0:05:25]} 19. Nxe4 {[%emt 0:06:30]} Bxc4 {[%emt 0:10:41]} 20. bxc4 {[%emt 0:03:39]} Nxc4 {[%emt 0:00:01]} 21. Qxa7 {[%emt 0:01:47]} Rb6 {[%emt 0:03:16]} 22. Bd5 {[%emt 0:01:41]} Nxa3 {[%emt 0:04:42]} 23. Qxa3 {[%emt 0:00:35]} Bxa1 {[%emt 0:00:23]} 24. Rxa1 {[%emt 0:00:05]} Qe5 {[%emt 0:01:02]} 25. Qc3 {[%emt 0:04:20]} Qxc3 {[%emt 0:00:43]} 26. Nxc3 {[%emt 0:00:02]} c6 {[%emt 0:00:23]} 27. Bb3 {[%emt 0:01:28]} Rf3 {[%emt 0:01:02]} 28. Ne2 {[%emt 0:00:43]} d5 {[%emt 0:00:33]} 29. Rd1 {[%emt 0:00:41]} Rf8 {[%emt 0:00:49]} 30. f4 {[%emt 0:00:48]} Re8 {[%emt 0:00:09]} 31. Kf2 {[%emt 0:00:05]} Re4 {[%emt 0:01:02]} 32. Rd3 {[%emt 0:00:57]} Kg7 {[%emt 0:00:30]} 33. Re3 {[%emt 0:00:50]} Rbb4 {[%emt 0:00:37]} 34. Rc3 {[%emt 0:01:38]} Rb6 35. Nc1 {[%emt 0:00:31]} Kf6 {[%emt 0:00:38]} 36. Nd3 {[%emt 0:00:07]} Re7 {[%emt 0:00:21]} 37. Ne5 {[%emt 0:01:02]} g5 {[%emt 0:00:49]} 38. Nxc6 {[%emt 0:00:18]} Rc7 39. Nb4 {[%emt 0:01:11]} Rxc3 {[%emt 0:01:02]} 40. Nxd5+ {[%emt 0:00:03]} Kf5 {[%emt 0:00:03]} 41. Nxc3 {[%emt 0:30:18]} gxf4 {[%emt 0:01:51]} 42. gxf4 {[%emt 0:00:00]} Rc6 {[%emt 0:06:18]} 43. Nd5 {[%emt 0:00:00]} Rh6 {[%emt 0:00:29]} 44. Kg3 {[%emt 0:00:00]} Ke4 {[%emt 0:00:27]} 45. Ne7 {[%emt 0:00:00]} Ra6 {[%emt 0:03:22]} 46. f5 {[%emt 0:00:00]} Ke5 {[%emt 0:00:35]} 47. Kg4 {[%emt 0:00:00]} Rd6 {[%emt 0:01:31]} 48. Nd5 {[%emt 0:00:00]} Rd8 {[%emt 0:01:49]} 49. f6 {[%emt 0:00:00]} Rg8+ {[%emt 0:00:24]} 50. Kh5 {[%emt 0:00:00]} Rg2 {[%emt 0:01:51]} 51. h4 {[%emt 0:00:00]} Rf2 {[%emt 0:00:46]} 52. Ne3 {[%emt 0:00:00]} Ke4 {[%emt 0:02:46]} 53. Ng4 {[%emt 0:00:00]} Rf5+ {[%emt 0:00:30]} 54. Kh6 {[%emt 0:00:00]} Kf4 {[%emt 0:00:16]} 55. f7 {[%emt 0:00:00]} Rxf7 {[%emt 0:02:21]} 56. Bxf7 {[%emt 0:00:00]} Kxg4 {[%emt 0:00:03]} 57. a4 {[%emt 0:00:00]} Kxh4 {[%emt 0:00:06]} 58. a5 {[%emt 0:00:00]} 1-0

[Event "18th Prague Open-A 2019"]
[Site "Prague"]
[Date "2019.01.16"]
[Round "7"]
[White "Ajay Krishna, S."]
[Black "Gschnitzer, Adrian"]
[Result "1/2-1/2"]
[WhiteElo "2289"]
[BlackElo "2368"]
[Annotator "NA"]
[PlyCount "82"]
[EventDate "2019.01.11"]
[EventType "swiss"]
[EventCountry "CZE"]
[SourceTitle "playchess.com"]
[Source "ChessBase"]
[SourceQuality "1"]
[TimeControl "40/5400+30:1800+30"]

1. Nf3 {[%emt 0:00:20]} Nf6 {[%emt 0:00:00]} 2. c4 {[%emt 0:00:12]} c5 {[%emt 0:00:01]} 3. Nc3 {[%emt 0:00:16]} Nc6 {[%emt 0:00:09]} 4. g3 {[%emt 0:00:14]} d5 {[%emt 0:00:31]} 5. cxd5 {[%emt 0:00:20]} Nxd5 {[%emt 0:00:09]} 6. Bg2 {[%emt 0:00:12]} g6 {[%emt 0:00:24]} 7. O-O {[%emt 0:01:11]} Bg7 {[%emt 0:00:06]} 8. Qa4 {[%emt 0:01:23]} O-O {[%emt 0:04:44]} 9. Qc4 {[%emt 0:00:46]} Nxc3 {[%emt 0:04:22]} 10. dxc3 {[%emt 0:00:15]} Qb6 {[%emt 0:02:16]} 11. Ng5 {[%emt 0:00:13]} Ne5 {[%emt 0:05:11]} 12. Qb3 {[%emt 0:00:44]} h6 {[%emt 0:02:33]} 13. Nf3 {[%emt 0:00:10]} Be6 {[%emt 0:17:19]} 14. Qxb6 {[%emt 0:01:33]} Nxf3+ {[%emt 0:00:09]} 15. Bxf3 {[%emt 0:00:03]} axb6 {[%emt 0:00:13]} 16. a3 {[%emt 0:06:35]} Bc4 {[%emt 0:02:41]} 17. Be3 {[%emt 0:12:29]} Rad8 {[%emt 0:06:53]} 18. Rfd1 {[%emt 0:04:13]} e6 {[%emt 0:10:06]} 19. Kf1 {[%emt 0:13:02]} Bd5 {[%emt 0:02:48]} 20. a4 {[%emt 0:03:51]} Bxf3 {[%emt 0:05:57]} 21. exf3 {[%emt 0:00:03]} Rxd1+ {[%emt 0:03:22]} 22. Rxd1 {[%emt 0:00:03]} Ra8 {[%emt 0:00:15]} 23. Rd6 {[%emt 0:01:50]} Ra6 {[%emt 0:02:05]} 24. Rd8+ {[%emt 0:00:29]} Kh7 {[%emt 0:00:27]} 25. Rd7 {[%emt 0:00:21]} Rxa4 {[%emt 0:01:04]} 26. Rxb7 {[%emt 0:00:59]} Ra1+ {[%emt 0:00:38]} 27. Ke2 {[%emt 0:02:57]} Rb1 {[%emt 0:06:25]} 28. Kd3 {[%emt 0:00:26]} Rxb2 {[%emt 0:01:24]} 29. Bxc5 {[%emt 0:00:18]} Rb3 {[%emt 0:03:48]} 30. Bb4 {[%emt 0:00:36]} Rb2 {[%emt 0:00:26]} 31. Rxf7 {[%emt 0:10:12]} Kg8 {[%emt 0:00:05]} 32. Re7 {[%emt 0:00:25]} Rxf2 {[%emt 0:00:35]} 33. Rxe6 {[%emt 0:05:57]} Rxf3+ {[%emt 0:00:47]} 34. Ke4 {[%emt 0:02:05]} Rf2 {[%emt 0:00:46]} 35. h4 {[%emt 0:04:31]} Re2+ {[%emt 0:06:32]} 36. Kd5 {[%emt 0:00:01]} Rxe6 {[%emt 0:00:23]} 37. Kxe6 {[%emt 0:00:01]} b5 {[%emt 0:00:11]} 38. g4 {[%emt 0:01:15]} h5 {[%emt 0:00:20]} 39. g5 {[%emt 0:10:28]} Bh8 {[%emt 0:00:21]} 40. Ba5 {[%emt 0:00:23]} Kf8 {[%emt 0:01:44]} 41. Bb4+ {[%emt 0:33:58]} Ke8 {[%emt 0:30:53]} 1/2-1/2